Cassell's new english dictionary / (Record no. 41571)
[ view plain ]
| 000 -LEADER | |
|---|---|
| campo de control de longitud fija | 00598nam a2200181 i 4500 |
| 001 - NÚMERO DE CONTROL | |
| campo de control | 41571 |
| 003 - IDENTIFICADOR DE NÚMERO DE CONTROL | |
| campo de control | ES-MaACL |
| 005 - FECHA Y HORA DE LA ÚLTIMA TRANSACCIÓN | |
| campo de control | 20230906160445.0 |
| 007 - CAMPO FIJO DE DESCRIPCIÓN FÍSICA--INFORMACIÓN GENERAL | |
| campo de control de longitud fija | t| |
| 008 - DATOS DE LONGITUD FIJA--INFORMACIÓN GENERAL | |
| campo de control de longitud fija | 030311s1949 xxk ||||1| eng d |
| 245 00 - MENCIÓN DEL TÍTULO | |
| Título | Cassell's new english dictionary / |
| Mención de responsabilidad, etc. | edited by Ernest A. Baker, enlarged and revised by Arthur L. Hayward. |
| 250 ## - MENCION DE EDICION | |
| Mención de edición | 15th ed. |
| 260 ## - PUBLICACIÓN, DISTRIBUCIÓN, ETC. | |
| Lugar de publicación, distribución, etc. | London, etc. : |
| Nombre del editor, distribuidor, etc. | Cassell and Company, |
| Fecha de publicación, distribución, etc. | [1949] ( |
| Fabricante | Watford Taylor Garnet Evans) |
| 300 ## - DESCRIPCIÓN FÍSICA | |
| Extensión | XIII, 1682 p. ; |
| Dimensiones | 22 cm. |
| 700 1# - ENTRADA AGREGADA--NOMBRE PERSONAL | |
| Nombre de persona | Baker, Ernest. |
| 9 (RLIN) | 24773 |
| 700 1# - ENTRADA AGREGADA--NOMBRE PERSONAL | |
| Nombre de persona | Hayward, Arthur L. |
| 9 (RLIN) | 62220 |
| 852 ## - LOCALIZACIÓN | |
| Ubicación | ES-MaACL |
| Número de control de estantería | D-7723 |
| Sublocalización o colección | R.29781 |
| Estatus retirado | Estado de pérdida | Estado de daño | No para préstamo | Biblioteca de origen | Biblioteca actual | Ubicación en estantería | Fecha de adquisición | Fuente de adquisición | Total de préstamos | Signatura topográfica completa | Código de barras | Visto por última vez | Precio de reemplazo | Tipo de ítem Koha |
|---|---|---|---|---|---|---|---|---|---|---|---|---|---|---|
| Biblioteca del Ateneo de Madrid | Biblioteca del Ateneo de Madrid | Sala Valle Inclán | 17/01/2008 | D-7723 | 901043763 | 23/02/2023 | 23/02/2023 | Libro impreso |
